Zmäkčovadlá pre biodegradovateľné polymérne zmesi

Gespeichert in:
Bibliographische Detailangaben
1. Verfasser: Koreň, Dávid (Verfasst von)
Weitere Verfasser: Vanovčanová, Zuzana (Betreuung Doktorarbeit)
Format: Manuskript Buch
Sprache:Slowakisch
Veröffentlicht: 2019
Schlagworte:
Online-Zugang:http://is.stuba.sk/zp/portal_zp.pl?podrobnosti=135734
Tags: Tag hinzufügen
Keine Tags, Fügen Sie das erste Tag hinzu!

MARC

LEADER 00000ntm a22000003a 4500
001 stuzp74703
003 SK-STU
005 20190622212118.9
007 ta
008 150427s2015----xo-----f-mn---000-0-slo-d
040 |a STU  |b slo 
041 0 |a slo 
100 1 |a Koreň, Dávid  |u 049370  |4 aut  |U FCHPT Ústav prírodných a syntetických polymérov  |T FCHPT Oddelenie plastov, kaučuku a vlákien  |X 86718  |U C9370  |Y 128  |7 86718 
242 0 1 |a Plasticizers for biodegradable polymer blends  |y eng 
245 1 0 |a Zmäkčovadlá pre biodegradovateľné polymérne zmesi 
260 |c 2019 
650 4 |a Polyhdroxybutyrát (PHB)  |2 slo 
650 4 |a Kyselina polymliečna (PLA)  |2 slo 
650 4 |a Termoplastický škrob (TPS)  |2 slo 
650 4 |a Plastifikátory  |2 slo 
650 4 |a Polyhydroxybutyrate (PHB)  |2 eng 
650 4 |a Termoplastic starch (TPS)  |2 eng 
650 4 |a Polylactic acid (PLA)  |2 eng 
650 4 |a Plasticizers  |2 eng 
700 1 |a Vanovčanová, Zuzana  |u 049370  |k Z1  |4 ths  |U FCHPT Ústav prírodných a syntetických polymérov  |T FCHPT Oddelenie plastov, kaučuku a vlákien  |X 65313  |U C9370  |Y 128  |7 A0000065313 
856 4 |u http://is.stuba.sk/zp/portal_zp.pl?podrobnosti=135734